000 00329nam a2200145Ia 4500
003 OSt
008 191201s2016 xx 000 0 und d
082 _a428.1
_bLEW
100 _aLEWIS, Norman
245 0 _aWord Power Made Easy
250 _aRep
260 _c2016
_bGoyal Publisher
_aNew Delhi
300 _a686
942 _2ddc
_cBK
999 _c7987
_d7987